Svet v roku 2000

Salvato in:
Dettagli Bibliografici
Altri autori: Végh, Roman
Natura: Libro
Lingua:slovacco
Pubblicazione: Bratislava Horizont Slovakia 2000
Soggetti:
Tags: Aggiungi Tag
Nessun Tag, puoi essere il primo ad aggiungerne!!

MARC

LEADER 00000nam a2200000 4500
001 c117165
005 20221108092536.3
020 |a 80-968290-0-9 
041 0 |a slo 
044 |a SK 
245 1 0 |a Svet v roku 2000  |c [Zodp. red. Roman Végh] 
264 1 |a Bratislava  |b Horizont Slovakia  |c 2000 
300 |a 102 s. 
610 2 0 |a svet 
610 2 0 |a obchod 
610 2 0 |a manažment 
610 2 0 |a financie 
610 2 0 |a veda 
610 2 0 |a politika 
610 2 0 |a politika medzinárodná 
610 2 0 |a Európa 
610 2 0 |a Veľká Británia 
610 2 0 |a Severná Amerika 
610 2 0 |a Ázia 
610 2 0 |a 2000 
700 1 |a Végh, Roman